What is modern mathematics
Αποθηκεύτηκε σε:
| Κύριος συγγραφέας: | |
|---|---|
| Μορφή: | Βιβλίο |
| Γλώσσα: | English |
| Δημοσίευση: |
Reading :
Educational Explorers Limited,
1962
|
| Σειρά: | Mathematics teaching series
|
| Θέματα: | |
| Ετικέτες: |
Προσθήκη ετικέτας
Δεν υπάρχουν, Καταχωρήστε ετικέτα πρώτοι!
|
MARC
| LEADER | 00000cam a2200000 i 4500 | ||
|---|---|---|---|
| 001 | 1/97040 | ||
| 008 | 081111s1963 eng d | ||
| 035 | |l 10101565 | ||
| 040 | |a GR-MY-UA |b gre |e aacr | ||
| 041 | 0 | |a eng | |
| 082 | 0 | |a 510 |2 (22) | |
| 100 | 1 | |a Choquet, G. | |
| 245 | 1 | 0 | |a What is modern mathematics / |c G. Choquet |
| 260 | |a Reading : |b Educational Explorers Limited, |c 1962 | ||
| 300 | |a vii, 46 σ.; |c 22 εκ. | ||
| 490 | 1 | |a Mathematics teaching series | |
| 504 | |a Περιέχει ευρετήριο | ||
| 650 | 0 | 0 | |a Mathematics. |
| 830 | 0 | |a Mathematics teaching series | |
| 852 | |a INST |b SAMOS |c MAG |e 20081111 |h 510 CHO |p 005300029645 |q 005300029645 |t BK |y 0 | ||
| 901 | |a BIBL3-2008-3 | ||
| 909 | |a Σ |b 155335 | ||
| 970 | |a ΡΟΥΣΣΟΥ |b ΚΩΝΣΤΑΝΤΙΝΑ |z 2008/11/11 | ||